Prouduction and Operations Management (Record no. 12537)

MARC details
000 -LEADER
fixed length control field 00395nam a22001697a 4500
003 - CONTROL NUMBER IDENTIFIER
control field OSt
008 - FIXED-LENGTH DATA ELEMENTS--GENERAL INFORMATION
fixed length control field 240422b |||||||| |||| 00| 0 eng d
020 ## - INTERNATIONAL STANDARD BOOK NUMBER
International Standard Book Number 9789395161817
082 ## - DEWEY DECIMAL CLASSIFICATION NUMBER
Classification number 658.5 KUP
100 ## - MAIN ENTRY--PERSONAL NAME
Personal name ANILKUMAR,S
245 ## - TITLE STATEMENT
Title Prouduction and Operations Management
250 ## - EDITION STATEMENT
Edition statement 3rd Ed
260 ## - PUBLICATION, DISTRIBUTION, ETC. (IMPRINT)
Place of publication, distribution, etc New Delhi
Name of publisher, distributor, etc New Age
Date of publication, distribution, etc 2024
300 ## - PHYSICAL DESCRIPTION
Extent 280
700 ## - ADDED ENTRY--PERSONAL NAME
Personal name SURESH,N
942 ## - ADDED ENTRY ELEMENTS (KOHA)
Source of classification or shelving scheme Dewey Decimal Classification
Koha item type Text Books
Holdings
Withdrawn status Lost status Source of classification or shelving scheme Damaged status Not for loan Collection code Home library Current library Date acquired Source of acquisition Currency Cost, normal purchase price Bill Number Total Checkouts Full call number Acc. no. / Barcode Date last seen Actual Cost, discounted price Bill Date Koha item type Date last borrowed
    Dewey Decimal Classification     MBA PIET C-LIBRARY PIET C-LIBRARY 06/04/2024 Zafaa Books and Distributors In rupees 399.00 ZBD0007   658.5 KUP 37209 22/04/2024 271.32 06/04/2024 Reference Books  
    Dewey Decimal Classification     MBA PIET C-LIBRARY PIET C-LIBRARY 06/04/2024 Zafaa Books and Distributors In rupees 399.00 ZBD0007 1 658.5 KUP 37210 25/11/2024 271.32 06/04/2024 Text Books 19/11/2024
    Dewey Decimal Classification     MBA PIET C-LIBRARY PIET C-LIBRARY 06/04/2024 Zafaa Books and Distributors In rupees 399.00 ZBD0007 2 658.5 KUP 37211 24/12/2025 271.32 06/04/2024 Text Books 22/12/2025

Design & Developed by: PIET Central Library
R70 Miles Stone Pattikalyana Samalkha Panipat 132102
mail ID :- [email protected], Phone No:- 0180-2569700 Ex.216